| 000 | 01030cam a22003257a 4500 | ||
|---|---|---|---|
| 003 | CHAP | ||
| 005 | 20220329142441.0 | ||
| 008 | 010302d1998 es a r 00110 spa d | ||
| 010 | _a83694 | ||
| 011 | _a84666 | ||
| 020 | _a8471147823 | ||
| 035 | _a95191 | ||
| 040 | _cCHAP | ||
| 082 | 0 | 4 |
_a595.752 _bB3 |
| 100 | 0 | 0 |
_aBarbagallo, Sebastiano. _910087 |
| 245 | 1 | 0 |
_aPulgones de los principales cultivos frutales _c/por Sebastiano Barbagallo [y otros.] |
| 260 |
_aMadrid : _bMundi-Prensa, _c1998. |
||
| 300 |
_a121 p. : _bilus. |
||
| 590 |
_aBATCH-UPD _b10 _c20130110 _lUCH01 _h0752 |
||
| 590 |
_aBATCH-UPD _b10 _c20130410 _lUCH01 _h0432 |
||
| 590 |
_aBATCH-UPD _b10 _c20130913 _lUCH01 _h2005 |
||
| 590 |
_aCONVERSION _b10 _c20130109 _lUCH01 _h1347 |
||
| 650 | 1 | 4 |
_aAfĂdidos. _91031 |
| 650 | 1 | 4 |
_aArboles frutales _xPlagas. _96683 |
| 650 | 1 | 4 |
_aCultivos _xPlagas. _930305 |
| 901 | _aBK | ||
| 905 | _aPatricia Mendoza P. | ||
| 942 | _cLIBRO | ||
| 949 |
_a595.752 B3 _bBC _cLIBRO _d33724000817607 _eLIBRO _g210691 _h99788 _i95191 _si _t$320.45 |
||
| 999 |
_c83694 _d83694 |
||